[Event "WTCC-65 2018"]
[Site "Radebeul"]
[Date "2018.07.12"]
[Round "6"]
[White "Oechslein, Rainer"]
[Black "Singer, Hans"]
[Result "1/2-1/2"]
[WhiteElo "2228"]
[BlackElo "2175"]
[Annotator "NA"]
[PlyCount "109"]
[EventDate "2018.07.07"]
[EventType "team-tourn"]
[EventCountry "GER"]
[SourceTitle "playchess.com"]
[Source "ChessBase"]
[SourceQuality "1"]
[TimeControl "40/5400+30:1800+30"]

1. d4 {[%emt 0:00:00]} Nf6 {[%emt 0:00:00]} 2. Nc3 {[%emt 0:00:04]} d5 {[%emt 0:01:29]} 3. Bg5 {[%emt 0:00:07]} Bf5 {[%emt 0:04:39]} 4. f3 {[%emt 0:00:17]} c6 {[%emt 0:03:11]} 5. Qd2 {[%emt 0:00:57]} Nbd7 {[%emt 0:01:33]} 6. e3 {[%emt 0:03:40]} h6 {[%emt 0:04:34]} 7. Bh4 {[%emt 0:00:17]} Qb6 {[%emt 0:01:12]} 8. O-O-O {[%emt 0:01:49]} e6 {[%emt 0:00:38]} 9. Bd3 {[%emt 0:09:50]} Bxd3 {[%emt 0:02:09]} 10. Qxd3 {[%emt 0:05:40]} O-O-O {[%emt 0:05:30]} 11. e4 {[%emt 0:02:31]} dxe4 {[%emt 0:03:27]} 12. fxe4 {[%emt 0:03:52]} Ne5 {[%emt 0:05:38]} 13. Qe2 {[%emt 0:04:16]} Rxd4 {[%emt 0:03:09]} 14. Rxd4 {[%emt 0:10:38]} Qxd4 {[%emt 0:00:03]} 15. Nf3 {[%emt 0:01:14]} Nxf3 {[%emt 0:00:23]} 16. gxf3 {[%emt 0:00:05]} Ba3 {[%emt 0:07:24]} 17. Qd3 {[%emt 0:06:09]} Bc5 {[%emt 0:00:15]} 18. Rd1 {[%emt 0:07:06]} Rd8 {[%emt 0:01:53]} 19. Qxd4 {[%emt 0:01:56]} Bxd4 {[%emt 0:00:31]} 20. Rd3 {[%emt 0:00:08]} g5 {[%emt 0:00:40]} 21. Be1 {[%emt 0:04:01]} Be5 {[%emt 0:01:14]} 22. Rxd8+ {[%emt 0:08:06]} Kxd8 {[%emt 0:00:02]} 23. h4 g4 {[%emt 0:05:14]} 24. fxg4 {[%emt 0:02:25]} Nxg4 {[%emt 0:00:02]} 25. Kd2 h5 {[%emt 0:00:50]} 26. Nd1 {[%emt 0:03:38]} Ke7 {[%emt 0:01:26]} 27. Ke2 {[%emt 0:01:42]} Bf6 {[%emt 0:05:05]} 28. b3 {[%emt 0:01:02]} Bd4 {[%emt 0:03:33]} 29. c3 {[%emt 0:08:32]} Be5 {[%emt 0:01:10]} 30. Nb2 {[%emt 0:00:33]} f5 {[%emt 0:01:32]} 31. Kf3 {[%emt 0:01:15]} Kf6 {[%emt 0:02:16]} 32. Nd3 {[%emt 0:01:51]} Bd6 {[%emt 0:00:25]} 33. Nc1 {[%emt 0:03:21]} Ne5+ 34. Ke3 {[%emt 0:00:45]} Bc5+ {[%emt 0:03:45]} 35. Kf4 {[%emt 0:00:25]} Ng6+ {[%emt 0:01:02]} 36. Kf3 {[%emt 0:00:27]} Be7 {[%emt 0:03:21]} 37. Ne2 {[%emt 0:01:34]} e5 {[%emt 0:04:09]} 38. exf5 {[%emt 0:00:40]} Kxf5 {[%emt 0:00:29]} 39. Ng3+ {[%emt 0:00:09]} Ke6 {[%emt 0:00:16]} 40. Nxh5 {[%emt 0:00:10]} Bxh4 {[%emt 0:01:40]} 41. Bd2 {[%emt 0:30:52]} Kd5 {[%emt 0:31:45]} 42. Be3 {[%emt 0:05:35]} e4+ {[%emt 0:02:40]} 43. Kg4 {[%emt 0:00:00]} a6 {[%emt 0:00:00]} 44. Kf5 {[%emt 0:00:00]} Ne7+ {[%emt 0:00:00]} 45. Kg4 {[%emt 0:00:00]} b5 {[%emt 0:00:00]} 46. Kxh4 {[%emt 0:00:00]} Nf5+ {[%emt 0:00:00]} 47. Kg5 {[%emt 0:00:00]} Nxe3 {[%emt 0:00:00]} 48. Kf4 {[%emt 0:00:00]} Ng2+ {[%emt 0:00:00]} 49. Kg3 {[%emt 0:00:00]} Ne1 {[%emt 0:00:00]} 50. Kf4 {[%emt 0:00:00]} Nd3+ {[%emt 0:00:00]} 51. Ke3 {[%emt 0:00:00]} Nc1 {[%emt 0:00:00]} 52. Nf6+ {[%emt 0:00:00]} Ke5 {[%emt 0:00:00]} 53. Nxe4 {[%emt 0:00:00]} Nxa2 {[%emt 0:00:00]} 54. Nc5 {[%emt 0:00:00]} Nxc3 {[%emt 0:00:00]} 55. Nxa6 {[%emt 0:00:00]} 1/2-1/2

[Event "WTCC-65 2018"]
[Site "Radebeul"]
[Date "2018.07.12"]
[Round "6"]
[White "Harestad, Thor Geir"]
[Black "Renman, Nils-Gustaf"]
[Result "1/2-1/2"]
[WhiteElo "2205"]
[BlackElo "2343"]
[Annotator "NA"]
[PlyCount "45"]
[EventDate "2018.07.07"]
[EventType "team-tourn"]
[EventCountry "GER"]
[SourceTitle "playchess.com"]
[Source "ChessBase"]
[SourceQuality "1"]
[TimeControl "40/5400+30:1800+30"]

1. Nf3 {[%emt 0:00:00]} d5 {[%emt 0:00:00]} 2. c4 {[%emt 0:00:03]} e6 {[%emt 0:03:38]} 3. b3 {[%emt 0:02:03]} d4 {[%emt 0:00:49]} 4. Bb2 {[%emt 0:01:58]} c5 {[%emt 0:00:06]} 5. b4 {[%emt 0:01:47]} Nf6 {[%emt 0:02:37]} 6. g3 {[%emt 0:02:49]} Nc6 {[%emt 0:01:49]} 7. b5 {[%emt 0:01:08]} Na5 {[%emt 0:00:26]} 8. d3 {[%emt 0:00:15]} Bd6 {[%emt 0:03:40]} 9. Bg2 {[%emt 0:00:51]} h6 {[%emt 0:01:52]} 10. O-O {[%emt 0:02:18]} O-O {[%emt 0:00:08]} 11. e4 {[%emt 0:03:26]} dxe3 {[%emt 0:13:15]} 12. fxe3 {[%emt 0:00:30]} Rb8 {[%emt 0:13:09]} 13. Nc3 {[%emt 0:07:44]} b6 {[%emt 0:01:36]} 14. Qe2 {[%emt 0:01:07]} Bb7 {[%emt 0:01:13]} 15. e4 {[%emt 0:00:35]} Nd7 {[%emt 0:00:34]} 16. Nd1 {[%emt 0:04:00]} Qc7 {[%emt 0:01:37]} 17. Ne3 {[%emt 0:02:19]} Rbe8 {[%emt 0:07:49]} 18. Nh4 {[%emt 0:03:39]} Be5 {[%emt 0:00:44]} 19. Ng4 {[%emt 0:01:59]} Bxb2 {[%emt 0:01:25]} 20. Qxb2 {[%emt 0:01:43]} h5 {[%emt 0:07:23]} 21. Nf2 {[%emt 0:02:02]} g5 {[%emt 0:02:11]} 22. Nf3 {[%emt 0:01:35]} g4 {[%emt 0:00:10]} 23. Qd2 {[%emt 0:05:02]} 1/2-1/2

[Event "WTCC-65 2018"]
[Site "Radebeul"]
[Date "2018.07.12"]
[Round "6"]
[White "Shushpanov, Vladimir"]
[Black "Glatthor, Thomas"]
[Result "1-0"]
[WhiteElo "2198"]
[BlackElo "2066"]
[Annotator "NA"]
[PlyCount "69"]
[EventDate "2018.07.07"]
[EventType "team-tourn"]
[EventCountry "GER"]
[SourceTitle "playchess.com"]
[Source "ChessBase"]
[SourceQuality "1"]
[TimeControl "40/5400+30:1800+30"]

1. e4 {[%emt 0:00:00]} d6 {[%emt 0:00:00]} 2. d4 {[%emt 0:00:00]} g6 {[%emt 0:00:02]} 3. Bc4 {[%emt 0:01:03]} Bg7 {[%emt 0:00:12]} 4. Nf3 {[%emt 0:00:59]} h6 {[%emt 0:01:25]} 5. h3 {[%emt 0:01:24]} c6 {[%emt 0:01:00]} 6. Bb3 {[%emt 0:03:02]} Nf6 {[%emt 0:03:26]} 7. Qe2 {[%emt 0:01:05]} e5 {[%emt 0:01:49]} 8. dxe5 {[%emt 0:00:42]} dxe5 {[%emt 0:00:05]} 9. O-O {[%emt 0:00:51]} Qe7 {[%emt 0:01:12]} 10. a4 {[%emt 0:03:44]} Be6 {[%emt 0:04:23]} 11. Bxe6 {[%emt 0:01:48]} Qxe6 {[%emt 0:00:02]} 12. Nbd2 {[%emt 0:02:04]} O-O {[%emt 0:02:02]} 13. Re1 {[%emt 0:07:04]} Nh5 {[%emt 0:07:55]} 14. Qc4 {[%emt 0:00:36]} Qe7 {[%emt 0:00:34]} 15. b3 {[%emt 0:04:30]} Re8 {[%emt 0:03:45]} 16. Bb2 {[%emt 0:05:41]} Nd7 {[%emt 0:04:46]} 17. g3 {[%emt 0:01:19]} Bf8 {[%emt 0:07:47]} 18. Kg2 {[%emt 0:01:42]} Qb4 {[%emt 0:10:54]} 19. Bc3 {[%emt 0:01:22]} Qb6 {[%emt 0:03:19]} 20. Nf1 {[%emt 0:03:46]} a5 {[%emt 0:03:47]} 21. Ne3 {[%emt 0:03:21]} Nhf6 {[%emt 0:20:06]} 22. Rad1 {[%emt 0:05:38]} Bb4 {[%emt 0:02:46]} 23. Ng4 {[%emt 0:09:35]} Bxc3 {[%emt 0:02:16]} 24. Qxc3 {[%emt 0:06:03]} Nxg4 {[%emt 0:05:06]} 25. hxg4 {[%emt 0:00:19]} Qc7 {[%emt 0:01:26]} 26. Qd2 {[%emt 0:00:29]} Nf6 {[%emt 0:01:50]} 27. Qxh6 {[%emt 0:00:24]} Nxg4 {[%emt 0:00:26]} 28. Qh4 {[%emt 0:00:20]} f5 {[%emt 0:02:07]} 29. exf5 {[%emt 0:02:10]} gxf5 {[%emt 0:00:04]} 30. Qg5+ {[%emt 0:00:18]} Qg7 {[%emt 0:00:21]} 31. Qxf5 {[%emt 0:00:32]} Re7 {[%emt 0:03:33]} 32. Re4 {[%emt 0:02:42]} Nh6 {[%emt 0:01:48]} 33. Qh5 {[%emt 0:00:35]} Rf8 {[%emt 0:02:10]} 34. Rxe5 {[%emt 0:02:14]} Rxf3 {[%emt 0:02:34]} 35. Rg5 {[%emt 0:01:52]} 1-0

[Event "WTCC-65 2018"]
[Site "Radebeul"]
[Date "2018.07.12"]
[Round "6"]
[White "Vucenovic, Dragomir"]
[Black "Nehmert, Ulrich"]
[Result "1/2-1/2"]
[WhiteElo "2186"]
[BlackElo "2220"]
[Annotator "NA"]
[PlyCount "60"]
[EventDate "2018.07.07"]
[EventType "team-tourn"]
[EventCountry "GER"]
[SourceTitle "playchess.com"]
[Source "ChessBase"]
[SourceQuality "1"]
[TimeControl "40/5400+30:1800+30"]

1. d4 {[%emt 0:00:00]} Nf6 {[%emt 0:00:17]} 2. Nf3 {[%emt 0:00:00]} c5 {[%emt 0:00:22]} 3. d5 {[%emt 0:00:19]} g6 {[%emt 0:00:29]} 4. g3 {[%emt 0:00:34]} b5 {[%emt 0:01:00]} 5. Bg2 {[%emt 0:04:52]} Bb7 {[%emt 0:02:13]} 6. c4 {[%emt 0:03:18]} bxc4 {[%emt 0:05:56]} 7. Nc3 {[%emt 0:00:16]} d6 {[%emt 0:00:20]} 8. O-O {[%emt 0:03:56]} Bg7 {[%emt 0:00:58]} 9. Nd2 {[%emt 0:05:56]} O-O {[%emt 0:06:28]} 10. Nxc4 {[%emt 0:00:52]} Ba6 {[%emt 0:01:48]} 11. Qa4 {[%emt 0:11:58]} Qe8 {[%emt 0:10:11]} 12. b3 {[%emt 0:08:50]} Qxa4 {[%emt 0:14:45]} 13. Nxa4 {[%emt 0:00:07]} Nfd7 {[%emt 0:01:10]} 14. Bb2 {[%emt 0:01:05]} Bxc4 {[%emt 0:01:25]} 15. Bxg7 {[%emt 0:01:20]} Kxg7 {[%emt 0:01:18]} 16. bxc4 {[%emt 0:00:45]} Na6 {[%emt 0:00:24]} 17. Rfb1 {[%emt 0:05:38]} Rfb8 {[%emt 0:05:09]} 18. Rb5 {[%emt 0:07:23]} Nc7 {[%emt 0:05:46]} 19. Rb3 {[%emt 0:01:22]} a5 {[%emt 0:05:25]} 20. Bh3 {[%emt 0:05:28]} f5 {[%emt 0:03:39]} 21. e4 {[%emt 0:05:22]} Rb4 {[%emt 0:00:24]} 22. exf5 {[%emt 0:02:25]} Ne5 {[%emt 0:01:44]} 23. Nb6 {[%emt 0:11:34]} Rb8 {[%emt 0:10:56]} 24. f6+ {[%emt 0:00:28]} exf6 {[%emt 0:05:57]} 25. Nd7 {[%emt 0:00:54]} Re8 {[%emt 0:05:33]} 26. Nxe5 {[%emt 0:03:03]} fxe5 {[%emt 0:00:04]} 27. Rc1 {[%emt 0:02:18]} Na8 {[%emt 0:02:43]} 28. Bd7 {[%emt 0:02:07]} Re7 {[%emt 0:02:17]} 29. Bc6 {[%emt 0:03:19]} Nb6 {[%emt 0:00:48]} 30. Rbc3 {[%emt 0:01:03]} Ra7 1/2-1/2

[Event "WTCC-65 2018"]
[Site "Radebeul"]
[Date "2018.07.12"]
[Round "6"]
[White "Wahlbom, Magnus"]
[Black "Ulrichsen, Jarl H"]
[Result "1-0"]
[WhiteElo "2172"]
[BlackElo "2196"]
[Annotator "NA"]
[PlyCount "65"]
[EventDate "2018.07.07"]
[EventType "team-tourn"]
[EventCountry "GER"]
[SourceTitle "playchess.com"]
[Source "ChessBase"]
[SourceQuality "1"]
[TimeControl "40/5400+30:1800+30"]

1. e4 {[%emt 0:00:08]} e5 {[%emt 0:03:17]} 2. Nf3 {[%emt 0:00:19]} Nc6 {[%emt 0:00:15]} 3. Bb5 {[%emt 0:00:13]} Nge7 {[%emt 0:01:47]} 4. c3 {[%emt 0:03:16]} Ng6 {[%emt 0:02:56]} 5. d4 {[%emt 0:01:43]} exd4 {[%emt 0:02:55]} 6. cxd4 {[%emt 0:00:37]} Be7 {[%emt 0:02:10]} 7. d5 {[%emt 0:04:03]} Nb8 {[%emt 0:03:04]} 8. Nc3 {[%emt 0:00:47]} a6 {[%emt 0:01:13]} 9. Ba4 {[%emt 0:01:26]} b5 {[%emt 0:03:47]} 10. Bb3 {[%emt 0:00:18]} d6 {[%emt 0:08:47]} 11. O-O {[%emt 0:04:13]} Bg4 {[%emt 0:04:33]} 12. h3 {[%emt 0:01:20]} Bxf3 {[%emt 0:00:13]} 13. Qxf3 {[%emt 0:00:06]} O-O {[%emt 0:02:05]} 14. Be3 {[%emt 0:03:34]} Nd7 {[%emt 0:07:59]} 15. Qe2 {[%emt 0:03:50]} Re8 {[%emt 0:11:57]} 16. Qd2 {[%emt 0:09:20]} Bf6 {[%emt 0:03:05]} 17. f3 {[%emt 0:04:57]} Nc5 {[%emt 0:15:35]} 18. Bc2 {[%emt 0:02:14]} Ne5 {[%emt 0:03:04]} 19. b3 {[%emt 0:06:55]} Ng6 {[%emt 0:04:56]} 20. Rad1 {[%emt 0:02:58]} Qd7 {[%emt 0:01:23]} 21. Ne2 {[%emt 0:02:48]} a5 {[%emt 0:03:31]} 22. Nd4 {[%emt 0:04:35]} b4 {[%emt 0:00:40]} 23. Rde1 {[%emt 0:05:32]} Bxd4 {[%emt 0:03:07]} 24. Bxd4 {[%emt 0:00:19]} Qb5 {[%emt 0:00:09]} 25. Kh2 {[%emt 0:01:56]} c6 {[%emt 0:02:18]} 26. dxc6 {[%emt 0:06:57]} Qxc6 {[%emt 0:00:06]} 27. Bb2 {[%emt 0:00:31]} Rad8 {[%emt 0:01:38]} 28. Kh1 {[%emt 0:00:22]} Ne6 {[%emt 0:01:41]} 29. Rc1 {[%emt 0:06:14]} d5 {[%emt 0:00:59]} 30. e5 {[%emt 0:00:11]} Qa8 {[%emt 0:02:41]} 31. f4 {[%emt 0:01:22]} Nc5 {[%emt 0:01:09]} 32. Bxg6 {[%emt 0:00:22]} hxg6 {[%emt 0:00:19]} 33. Rxc5 {[%emt 0:00:07]} 1-0

[Event "WTCC-65 2018"]
[Site "Radebeul"]
[Date "2018.07.12"]
[Round "6"]
[White "Titz, Heimo"]
[Black "Klundt, Klaus"]
[Result "1-0"]
[WhiteElo "2164"]
[BlackElo "2318"]
[Annotator "NA"]
[PlyCount "111"]
[EventDate "2018.07.07"]
[EventType "team-tourn"]
[EventCountry "GER"]
[SourceTitle "playchess.com"]
[Source "ChessBase"]
[SourceQuality "1"]
[TimeControl "40/5400+30:1800+30"]

1. c4 {[%emt 0:00:00]} Nf6 {[%emt 0:00:00]} 2. Nf3 {[%emt 0:01:03]} e6 {[%emt 0:00:00]} 3. d4 {[%emt 0:00:15]} d5 {[%emt 0:00:23]} 4. g3 {[%emt 0:00:23]} Bb4+ {[%emt 0:00:22]} 5. Bd2 {[%emt 0:00:20]} Bd6 {[%emt 0:00:16]} 6. Bg2 {[%emt 0:02:01]} O-O {[%emt 0:00:27]} 7. O-O {[%emt 0:13:19]} c6 {[%emt 0:02:12]} 8. cxd5 {[%emt 0:03:51]} exd5 {[%emt 0:00:50]} 9. Bg5 {[%emt 0:00:28]} Nbd7 {[%emt 0:01:05]} 10. Nc3 {[%emt 0:01:46]} Re8 {[%emt 0:00:56]} 11. a3 {[%emt 0:04:08]} a5 {[%emt 0:01:21]} 12. Re1 {[%emt 0:02:00]} h6 {[%emt 0:01:21]} 13. Bxf6 {[%emt 0:04:43]} Nxf6 {[%emt 0:00:40]} 14. Qc2 {[%emt 0:12:35]} Be6 {[%emt 0:10:30]} 15. Rad1 {[%emt 0:01:16]} Ne4 {[%emt 0:04:26]} 16. Nd2 {[%emt 0:07:50]} f5 {[%emt 0:06:25]} 17. f4 {[%emt 0:00:57]} Qf6 {[%emt 0:09:24]} 18. Nf3 {[%emt 0:01:22]} Rad8 {[%emt 0:05:48]} 19. e3 {[%emt 0:00:37]} g5 {[%emt 0:06:23]} 20. Ne5 {[%emt 0:01:41]} Qg7 {[%emt 0:00:59]} 21. Rf1 {[%emt 0:09:03]} Rf8 {[%emt 0:01:54]} 22. a4 {[%emt 0:01:07]} Rf6 {[%emt 0:03:49]} 23. Qe2 {[%emt 0:05:41]} Rdf8 {[%emt 0:02:27]} 24. Bf3 {[%emt 0:02:30]} g4 {[%emt 0:02:24]} 25. Bxe4 {[%emt 0:01:14]} fxe4 {[%emt 0:00:41]} 26. Rf2 {[%emt 0:02:54]} h5 {[%emt 0:01:23]} 27. Kf1 {[%emt 0:00:30]} Rh6 {[%emt 0:02:24]} 28. Ke1 {[%emt 0:00:21]} h4 {[%emt 0:02:30]} 29. Kd2 {[%emt 0:00:13]} hxg3 {[%emt 0:05:14]} 30. hxg3 {[%emt 0:00:10]} Rh3 {[%emt 0:00:11]} 31. Rg1 {[%emt 0:00:59]} Rf6 {[%emt 0:02:42]} 32. Kc2 {[%emt 0:00:35]} Bf5 {[%emt 0:02:33]} 33. Rh2 {[%emt 0:02:33]} Rxh2 {[%emt 0:00:56]} 34. Qxh2 {[%emt 0:00:09]} Rh6 {[%emt 0:00:05]} 35. Qf2 {[%emt 0:00:38]} Rh3 {[%emt 0:01:58]} 36. Rg2 {[%emt 0:00:31]} Qh7 {[%emt 0:01:22]} 37. Qe2 {[%emt 0:01:12]} Qh5 {[%emt 0:00:57]} 38. Nd1 {[%emt 0:00:47]} Kf8 {[%emt 0:03:21]} 39. Nf2 {[%emt 0:06:58]} Rh2 {[%emt 0:06:22]} 40. Qf1 {[%emt 0:00:12]} Ke7 {[%emt 0:01:37]} 41. Qg1 {[%emt 0:30:15]} Rxg2 {[%emt 0:31:09]} 42. Qxg2 {[%emt 0:00:02]} c5 {[%emt 0:00:46]} 43. Kd2 {[%emt 0:01:44]} Qh6 {[%emt 0:03:11]} 44. Qh1 {[%emt 0:00:29]} Qxh1 45. Nxh1 Bd7 {[%emt 0:00:00]} 46. Nxd7 {[%emt 0:00:00]} Kxd7 {[%emt 0:00:00]} 47. dxc5 {[%emt 0:00:00]} Bxc5 {[%emt 0:00:00]} 48. Nf2 {[%emt 0:00:00]} Ke6 {[%emt 0:00:00]} 49. Nxg4 {[%emt 0:00:00]} d4 {[%emt 0:00:00]} 50. exd4 {[%emt 0:00:00]} Bxd4 {[%emt 0:00:00]} 51. b3 {[%emt 0:00:00]} Kd5 {[%emt 0:00:00]} 52. Ne3+ {[%emt 0:00:00]} Kc5 {[%emt 0:00:00]} 53. g4 {[%emt 0:00:00]} Bg7 {[%emt 0:00:00]} 54. g5 {[%emt 0:00:00]} Kb4 {[%emt 0:00:00]} 55. Kc2 {[%emt 0:00:00]} Bd4 {[%emt 0:00:00]} 56. g6 {[%emt 0:00:00]} 1-0

[Event "WTCC-65 2018"]
[Site "Radebeul"]
[Date "2018.07.12"]
[Round "6"]
[White "Sprotte, Norbert"]
[Black "Karasev, Vladimir I"]
[Result "1/2-1/2"]
[WhiteElo "2143"]
[BlackElo "2337"]
[Annotator "NA"]
[PlyCount "37"]
[EventDate "2018.07.07"]
[EventType "team-tourn"]
[EventCountry "GER"]
[SourceTitle "playchess.com"]
[Source "ChessBase"]
[SourceQuality "1"]
[TimeControl "40/5400+30:1800+30"]

1. d4 {[%emt 0:00:00]} Nf6 {[%emt 0:00:03]} 2. Nf3 {[%emt 0:00:00]} d6 {[%emt 0:00:23]} 3. Nc3 {[%emt 0:00:22]} d5 {[%emt 0:02:04]} 4. Bf4 {[%emt 0:06:01]} e6 {[%emt 0:02:52]} 5. e3 {[%emt 0:03:30]} Bb4 {[%emt 0:00:35]} 6. Bd3 {[%emt 0:08:44]} c5 {[%emt 0:07:45]} 7. dxc5 {[%emt 0:08:22]} Nbd7 {[%emt 0:10:15]} 8. O-O {[%emt 0:02:22]} Bxc3 {[%emt 0:00:43]} 9. bxc3 {[%emt 0:00:25]} Nxc5 {[%emt 0:00:05]} 10. c4 {[%emt 0:08:15]} O-O {[%emt 0:04:36]} 11. Ne5 {[%emt 0:07:19]} Nxd3 {[%emt 0:04:49]} 12. cxd3 {[%emt 0:00:57]} Ne8 {[%emt 0:06:32]} 13. cxd5 {[%emt 0:03:17]} f6 {[%emt 0:00:42]} 14. Nf3 {[%emt 0:02:36]} e5 {[%emt 0:00:14]} 15. Bg3 {[%emt 0:00:21]} Qxd5 {[%emt 0:00:04]} 16. e4 {[%emt 0:03:30]} Qf7 {[%emt 0:15:27]} 17. d4 {[%emt 0:02:09]} Be6 {[%emt 0:10:20]} 18. Qa4 {[%emt 0:09:37]} b5 {[%emt 0:00:42]} 19. Qxb5 {[%emt 0:05:05]} 1/2-1/2

[Event "WTCC-65 2018"]
[Site "Radebeul"]
[Date "2018.07.12"]
[Round "6"]
[White "Malmdin, Nils-Ake"]
[Black "Gundersen, Helge"]
[Result "0-1"]
[WhiteElo "2138"]
[BlackElo "2089"]
[Annotator "NA"]
[PlyCount "84"]
[EventDate "2018.07.07"]
[EventType "team-tourn"]
[EventCountry "GER"]
[SourceTitle "playchess.com"]
[Source "ChessBase"]
[SourceQuality "1"]
[TimeControl "40/5400+30:1800+30"]

1. e4 {[%emt 0:00:00]} Nc6 {[%emt 0:00:00]} 2. Nc3 {[%emt 0:04:21]} e6 {[%emt 0:01:14]} 3. d4 {[%emt 0:04:20]} d5 {[%emt 0:00:10]} 4. e5 {[%emt 0:00:13]} Bb4 {[%emt 0:00:27]} 5. Qg4 {[%emt 0:03:07]} Bf8 {[%emt 0:03:15]} 6. h4 {[%emt 0:06:41]} Nge7 {[%emt 0:13:30]} 7. Bg5 {[%emt 0:26:30]} h6 {[%emt 0:02:03]} 8. Be3 {[%emt 0:00:10]} Nf5 {[%emt 0:07:40]} 9. O-O-O {[%emt 0:01:58]} h5 {[%emt 0:02:17]} 10. Qe2 {[%emt 0:03:34]} Bb4 {[%emt 0:03:38]} 11. Nb1 {[%emt 0:03:53]} a6 {[%emt 0:02:04]} 12. c3 {[%emt 0:00:57]} Be7 {[%emt 0:00:48]} 13. g3 {[%emt 0:00:10]} Na5 {[%emt 0:02:36]} 14. Nh3 {[%emt 0:01:53]} Bd7 {[%emt 0:01:15]} 15. Qc2 {[%emt 0:04:37]} Bb5 {[%emt 0:02:35]} 16. Bg2 {[%emt 0:00:56]} Qd7 {[%emt 0:10:24]} 17. b3 {[%emt 0:05:34]} O-O-O {[%emt 0:11:54]} 18. Bf4 {[%emt 0:03:22]} Kb8 {[%emt 0:02:09]} 19. Kb2 {[%emt 0:03:13]} Rc8 {[%emt 0:01:08]} 20. a4 {[%emt 0:07:47]} Bc6 {[%emt 0:06:32]} 21. Nd2 {[%emt 0:02:43]} b6 {[%emt 0:03:23]} 22. Ra1 {[%emt 0:00:13]} Bb7 {[%emt 0:04:28]} 23. b4 {[%emt 0:01:56]} Nc6 {[%emt 0:00:32]} 24. Nb3 {[%emt 0:01:04]} a5 {[%emt 0:03:49]} 25. bxa5 {[%emt 0:00:57]} Nxa5 {[%emt 0:00:10]} 26. Nxa5 {[%emt 0:00:21]} bxa5 {[%emt 0:00:02]} 27. Bf1 {[%emt 0:04:19]} c5 {[%emt 0:01:04]} 28. Bb5 {[%emt 0:00:43]} Qc7 {[%emt 0:00:35]} 29. dxc5 {[%emt 0:01:04]} Bxc5 {[%emt 0:03:38]} 30. Rhc1 {[%emt 0:03:04]} d4 {[%emt 0:01:35]} 31. Rab1 {[%emt 0:00:41]} dxc3+ {[%emt 0:00:52]} 32. Ka2 {[%emt 0:00:42]} Bb4 {[%emt 0:00:31]} 33. Ng5 {[%emt 0:00:56]} Bd5+ {[%emt 0:04:43]} 34. Ka1 {[%emt 0:00:02]} Ka8 {[%emt 0:01:23]} 35. Qd3 {[%emt 0:03:15]} c2 {[%emt 0:01:06]} 36. Rxb4 {[%emt 0:00:22]} axb4 {[%emt 0:00:03]} 37. Ne4 {[%emt 0:00:19]} Bxe4 {[%emt 0:01:03]} 38. Qxe4+ {[%emt 0:00:02]} Kb8 {[%emt 0:00:29]} 39. Bd2 {[%emt 0:00:46]} Rhd8 {[%emt 0:01:39]} 40. Qxb4 {[%emt 0:00:59]} Rd4 {[%emt 0:01:27]} 41. Qa5 {[%emt 0:32:06]} Qxa5 {[%emt 0:04:41]} 42. Bxa5 {[%emt 0:00:00]} Rd1 {[%emt 0:00:11]} 0-1

[Event "WTCC-65 2018"]
[Site "Radebeul"]
[Date "2018.07.12"]
[Round "6"]
[White "Steedman, James"]
[Black "Hammar, Bengt"]
[Result "1/2-1/2"]
[WhiteElo "2132"]
[BlackElo "2159"]
[Annotator "NA"]
[PlyCount "37"]
[EventDate "2018.07.07"]
[EventType "team-tourn"]
[EventCountry "GER"]
[SourceTitle "playchess.com"]
[Source "ChessBase"]
[SourceQuality "1"]
[TimeControl "40/5400+30:1800+30"]

1. d4 {[%emt 0:00:02]} d5 {[%emt 0:01:43]} 2. c4 {[%emt 0:00:23]} c6 {[%emt 0:01:11]} 3. Nc3 {[%emt 0:00:24]} Nf6 {[%emt 0:00:20]} 4. Nf3 {[%emt 0:01:09]} e6 {[%emt 0:01:45]} 5. Bg5 {[%emt 0:02:05]} Be7 {[%emt 0:04:05]} 6. e3 {[%emt 0:00:44]} Nbd7 {[%emt 0:00:51]} 7. Bd3 {[%emt 0:03:19]} O-O {[%emt 0:01:19]} 8. O-O {[%emt 0:00:21]} dxc4 {[%emt 0:05:09]} 9. Bxc4 {[%emt 0:00:41]} Nd5 {[%emt 0:00:23]} 10. Bxe7 {[%emt 0:03:08]} Qxe7 {[%emt 0:03:25]} 11. Rc1 {[%emt 0:05:04]} Nxc3 {[%emt 0:05:45]} 12. Rxc3 {[%emt 0:00:47]} e5 {[%emt 0:00:08]} 13. Bb3 {[%emt 0:03:40]} e4 {[%emt 0:02:36]} 14. Nd2 {[%emt 0:02:14]} Nf6 {[%emt 0:00:48]} 15. f3 {[%emt 0:03:52]} exf3 {[%emt 0:02:04]} 16. Qxf3 {[%emt 0:08:05]} Be6 {[%emt 0:02:55]} 17. e4 {[%emt 0:05:02]} Rad8 {[%emt 0:04:39]} 18. Bxe6 {[%emt 0:07:42]} Qxe6 {[%emt 0:00:14]} 19. e5 {[%emt 0:00:38]} 1/2-1/2

[Event "WTCC-65 2018"]
[Site "Radebeul"]
[Date "2018.07.12"]
[Round "6"]
[White "Bosbach, Gerhard"]
[Black "Hohler, Peter"]
[Result "1/2-1/2"]
[WhiteElo "2119"]
[BlackElo "2073"]
[Annotator "NA"]
[PlyCount "80"]
[EventDate "2018.07.07"]
[EventType "team-tourn"]
[EventCountry "GER"]
[SourceTitle "playchess.com"]
[Source "ChessBase"]
[SourceQuality "1"]
[TimeControl "40/5400+30:1800+30"]

1. c4 {[%emt 0:00:00]} Nf6 {[%emt 0:00:01]} 2. g3 {[%emt 0:00:00]} e6 {[%emt 0:00:14]} 3. Bg2 {[%emt 0:00:10]} d5 {[%emt 0:00:11]} 4. Nf3 {[%emt 0:00:18]} Be7 {[%emt 0:00:15]} 5. O-O {[%emt 0:00:27]} O-O {[%emt 0:00:05]} 6. b3 {[%emt 0:03:43]} c5 {[%emt 0:02:01]} 7. Bb2 {[%emt 0:05:43]} Nc6 {[%emt 0:00:36]} 8. cxd5 {[%emt 0:03:27]} Nxd5 {[%emt 0:00:04]} 9. Nc3 {[%emt 0:02:45]} Nxc3 {[%emt 0:05:41]} 10. Bxc3 {[%emt 0:00:20]} Qc7 {[%emt 0:00:09]} 11. Qc2 {[%emt 0:05:54]} e5 {[%emt 0:02:04]} 12. Qe4 {[%emt 0:10:28]} Bf6 {[%emt 0:00:10]} 13. Rac1 {[%emt 0:09:47]} Be6 {[%emt 0:02:54]} 14. h4 {[%emt 0:04:24]} h6 {[%emt 0:22:30]} 15. d3 {[%emt 0:06:57]} Rad8 {[%emt 0:02:15]} 16. Qa4 {[%emt 0:00:25]} Qd7 {[%emt 0:15:11]} 17. Rfe1 {[%emt 0:04:21]} Bd5 {[%emt 0:04:51]} 18. Qa3 {[%emt 0:13:12]} b6 {[%emt 0:00:17]} 19. Qb2 {[%emt 0:05:22]} Rfe8 {[%emt 0:05:58]} 20. a3 {[%emt 0:01:35]} Nd4 {[%emt 0:11:50]} 21. b4 {[%emt 0:02:36]} Bxf3 {[%emt 0:04:03]} 22. Bxf3 {[%emt 0:00:05]} Nxf3+ {[%emt 0:00:35]} 23. exf3 {[%emt 0:00:07]} cxb4 {[%emt 0:03:13]} 24. axb4 {[%emt 0:00:11]} Qxd3 {[%emt 0:00:37]} 25. Re3 {[%emt 0:00:15]} Qb5 {[%emt 0:01:18]} 26. Rce1 {[%emt 0:00:41]} a5 {[%emt 0:06:03]} 27. bxa5 {[%emt 0:01:45]} Qxb2 {[%emt 0:00:09]} 28. Bxb2 {[%emt 0:00:05]} bxa5 {[%emt 0:00:17]} 29. f4 {[%emt 0:00:33]} e4 {[%emt 0:01:44]} 30. Bxf6 {[%emt 0:00:30]} gxf6 {[%emt 0:00:01]} 31. Rxe4 {[%emt 0:00:17]} Rxe4 {[%emt 0:00:13]} 32. Rxe4 {[%emt 0:00:08]} Ra8 {[%emt 0:00:13]} 33. Ra4 {[%emt 0:00:28]} f5 {[%emt 0:02:47]} 34. Kg2 {[%emt 0:04:33]} h5 {[%emt 0:01:21]} 35. Kh3 {[%emt 0:00:34]} Kg7 {[%emt 0:00:27]} 36. f3 {[%emt 0:00:35]} Kg6 {[%emt 0:01:24]} 37. Kg2 {[%emt 0:01:14]} Kf6 {[%emt 0:00:46]} 38. Kh3 {[%emt 0:00:07]} Kg6 {[%emt 0:01:20]} 39. Kg2 {[%emt 0:00:08]} Kf6 {[%emt 0:00:11]} 40. Kh3 {[%emt 0:00:06]} Kg6 {[%emt 0:00:30]} 1/2-1/2